| 000 | | | 05405nmc2a22000003x 450 |
| 001 | | | df698793-2d07-493f-a4f0-08ca48970d2c |
| 005 | | | 20190812113010.0 |
| 100 | ## | $a | 20161025l18081817k l0rusy0189 ca |
| 101 | 0# | $a | rus |
| 102 | ## | $a | RU |
| 200 | 1# | $a | Контракты коллежского советника А.И. Бороздина на поставку лошадей и экипажей |
| | $j | 7 июля 1808 г. - 23 марта 1817 г. |
| 251 | ## | $c | Дело |
| 300 | ## | $a | Дело |
| 801 | #0 | $a | RU |
| | $b | РГИА |
| | $c | 20161025 |
| | $g | RCR |
| 801 | #1 | $a | RU |
| | $b | ГлавНИВЦ |
| | $c | 20161025 |
| | $2 | rusmarc |
| 801 | #2 | $a | RU |
| | $b | ПБ им. Б.Н. Ельцина |
| | $c | 20180928 |
| | $g | RCR |
| | $2 | rusmarc |
| 850 | ## | $a | РГИА |
| 852 | ## | $a | РГИА |
| | $e | Федеральное казенное учреждение "Российский государственный исторический архив" (РГИА) |
| | $j | 130 |
| 937 | ## | $h | РГИА |
| | $d | 12233948 |
| | $a | ASBIBLIO_SCAN |
| 462 | #0 | $1 | 001dd3991dc-24e1-42ec-8838-ca4255420416 |
| | $1 | 2001 |
| | $a | 1746-1850 гг. |
| | $1 | 251 |
| | $c | Опись |
| | $1 | 852 |
| | $j | 1 |
| 461 | #0 | $1 | 0019264ebf8-de62-4f1a-9eb4-9f22098dbbd5 |
| | $1 | 2001 |
| | $a | Дирекция императорских театров МИДв |
| | $1 | 251 |
| | $c | Фонд |
| | $1 | 852 |
| | $j | 497 |
| 215 | ## | $a | 8 л. |
| | $d | 36,5х26 см |
| 371 | ## | $a | Документ не является опубликованным и широко распространяемым |
| 105 | ## | $a | y### |
| 122 | 2# | $a | d |
| 035 | ## | $a | df698793-2d07-493f-a4f0-08ca48970d2c |
| 856 | ## | $u | http://readingroom.main.prlib.ru/item.aspx?id_node=n118717995&mode=full |
| 606 | 1# | $2 | nlr_sh1 |
| | $3 | RU\NLR\AUTH\661115339 |
| | $a | Театрально-зрелищные предприятия |
| | $x | Материально-техническое снабжение |
| | $j | Документы и материалы |
| 606 | 1# | $a | Театральные предприятия |
| | $x | Хозяйственная деятельность |
| | $x | История |
| | $2 | prlib_sh |
| | $3 | LIBNET\UAF\0000083411 |
| | $y | Россия |
| | $j | Документы и материалы |
| 601 | 01 | $2 | prlib_sh |
| | $3 | LIBNET\UAF\0000080151 |
| | $a | Россия |
| | $b | Дирекция императорских театров |
| | $x | Деятельность |
| | $j | Документы и материалы |
| 686 | ## | $2 | rubbk |
| | $a | 85.33 |
| | $v | LBC/M |
| 686 | ## | $2 | rubbk |
| | $a | 63.3(2)521.1-7 |
| | $v | LBC/M |
| 605 | ## | $2 | acquisition_Prlib |
| | $3 | LIBNET\UAF\0000080478 |
| | $a | Год театра в России |
| | $l | коллекция |
| 605 | ## | $a | Россия в лицах |
| | $l | коллекция |
| | $2 | acquisition_Prlib |
| | $3 | DITM\AF\0000004166 |